Prosperity and Violence : The Political Economy of Development /

Đã lưu trong:
Chi tiết về thư mục
Tác giả chính: Bates, Robert H. (autor)
Định dạng: Sách
Ngôn ngữ:Tiếng Anh
Được phát hành: Nueva York, EUA : Norton, 2001, c2001
Loạt:(The Norton Series in World Politics)
Những chủ đề:
Các nhãn: Thêm thẻ
Không có thẻ, Là người đầu tiên thẻ bản ghi này!

MARC

LEADER 00000nam^a2200000^a^4500
001 000161012
005 20250521000000.0
009 20260310100744.826
020 |a 0-393-97401-4 
037 |a Acervo ITESO - Biblioteca 
041 |a ING 
082 |a 338. 9  |b BAT 
100 |a Bates, Robert H.  |e (autor) 
245 1 0 |a Prosperity and Violence :  |b The Political Economy of Development /  |c R.H. Bates. 
264 4 |a Nueva York, EUA :  |b Norton,  |c 2001, c2001 
300 |a 144 p. 
336 |a texto  |b txt  |2 rdacontenido 
337 |a sin mediación  |b n  |2 rdamedio 
338 |a volumen  |b nc  |2 rdasoporte 
440 5 |a (The Norton Series in World Politics) 
649 |a XX 
650 |a Sistema Político 
650 |a Instituciones Políticas 
650 |a Estado, El -  |x Historia 
650 |a Violencia 
650 |a Desarrollo Económico-Social 
650 |a Desarrollo Económico-Social 
650 |a Ingresos 
650 |a Capital 
650 |a Países Subdesarrollados 
650 |a Economía Política 
650 |a Política 
650 |a Economía 
910 |a Fondo General 
920 |a Impresos - Libros 
930 |a Colección General 
905 |a 101 
901 |a 0500092407  |b IT1  |c ACC  |u 20250521 
902 |a https://opac.biblio.iteso.mx/vufind/Record/000161012